The Revolutionary foreign policy of Mexico towards Central American revolutionary governments, 1970-1988
El propósito es investigar la influencia de la política exterior méxicana sobre América Central durante los años de 1970-1988, con particular énfasis sobre los conflictos en la región. HB/hmbq
保存先:
| 第一著者: | |
|---|---|
| フォーマット: | テキスト |
| 出版事項: |
s. l.:
s. ed.
|
| 主題: | |
| タグ: |
タグ追加
タグなし, このレコードへの初めてのタグを付けませんか!
|
MARC
| LEADER | 00000 a a2200000 04500 | ||
|---|---|---|---|
| 001 | 4377 | ||
| 003 | |||
| 040 | |||
| 090 | |a 117200 | ||
| 100 | |a Echavarría Valenzuela, Yolanda | ||
| 245 | |a The Revolutionary foreign policy of Mexico towards Central American revolutionary governments, 1970-1988 | ||
| 260 | |a s. l.: |b s. ed. | ||
| 300 | |a 173 p | ||
| 520 | |a El propósito es investigar la influencia de la política exterior méxicana sobre América Central durante los años de 1970-1988, con particular énfasis sobre los conflictos en la región. HB/hmbq | ||
| 650 | |a POLITICA EXTERIOR | ||
| 650 | |a ESTADO | ||
| 650 | |a RELACIONES INTERNACIONALES | ||
| 999 | |c 10250 |d 10250 | ||
